000
00201 a2200097 4500
001
17800
100
_a
Bowker
245
_a
Book in print 1972 (Vol-II)
260
_a
_b
Bowker
_c
090
_c
13155
_d
13155
942
_a
NUST-CAE
_c
M
_c
3509
999
_c
252873
_d
252873